Αι περί θρησκείας κοινωνιολογικαί αντιλήψεις του Max Weber εκ χριστιανικής επόψεως : διατριβή επί υφηγεσία. Η πίστις των ασιατικών θρησκειών (Ινδών - Κίνας) ; Η οδύσσεια μιάς επιστημονικής εργασίας : (οφειλομένη απάντησις εις τον καθηγητήν κ. Ν. Νησιώτην). Η αξιοκρατία εις την εκπαίδευσιν : (η κληρονομία της 21ης Απριλίου και η στάσις του Υπουργού κ. Παναγιώτη Ζέπου) τεύχος Α'-Β'. Επιστημονικός - φιλοσοφικός και θεολογικός προσανατολισμός ; Ο άνθρωπος υπό το φως της σύγχρονου φιλοσοφικής και θεολογικής θεωρήσεως ; Αι κυριώτεραι κοσμολογικαί θεωρήσεις ; Το θεολογικόν πρόβλημα εις τους προσωκρατικούς φιλοσόφους
Αποθηκεύτηκε σε:
| Κύριος συγγραφέας: | |
|---|---|
| Μορφή: | Βιβλίο |
| Γλώσσα: | Greek |
| Δημοσίευση: |
Αθήναι :
[χ.ό.],
1974
|
| Έκδοση: | 2η έκδ. |
| Θέματα: | |
| Ετικέτες: |
Προσθήκη ετικέτας
Δεν υπάρχουν, Καταχωρήστε ετικέτα πρώτοι!
|
MARC
| LEADER | 00000cam a2200000 i 4500 | ||
|---|---|---|---|
| 001 | 1/40739 | ||
| 008 | 070207s1974 gre d | ||
| 035 | |l 10086906 | ||
| 040 | |a GR-MY-UA |b gre |e aacr | ||
| 041 | 0 | |a gre | |
| 082 | 0 | |a 261.5 |2 (22) | |
| 100 | 1 | |a Κρικώνης, Δημήτριος Ι. | |
| 245 | 1 | 3 | |a Αι περί θρησκείας κοινωνιολογικαί αντιλήψεις του Max Weber εκ χριστιανικής επόψεως : |b διατριβή επί υφηγεσία. Η πίστις των ασιατικών θρησκειών (Ινδών - Κίνας) ; Η οδύσσεια μιάς επιστημονικής εργασίας : (οφειλομένη απάντησις εις τον καθηγητήν κ. Ν. Νησιώτην). Η αξιοκρατία εις την εκπαίδευσιν : (η κληρονομία της 21ης Απριλίου και η στάσις του Υπουργού κ. Παναγιώτη Ζέπου) τεύχος Α'-Β'. Επιστημονικός - φιλοσοφικός και θεολογικός προσανατολισμός ; Ο άνθρωπος υπό το φως της σύγχρονου φιλοσοφικής και θεολογικής θεωρήσεως ; Αι κυριώτεραι κοσμολογικαί θεωρήσεις ; Το θεολογικόν πρόβλημα εις τους προσωκρατικούς φιλοσόφους / Δημητρίου Ιωάννου Κρικώνη |
| 250 | |a 2η έκδ. | ||
| 260 | |a Αθήναι : |b [χ.ό.], |c 1974 | ||
| 300 | |a 154 σ.; |c 24 εκ. | ||
| 500 | |a Με: Η πίστις των ασιατικών θρησκειών (Ινδών - Κίνας) / Δημητρίου Ιωάννου Κρικώνη. - Η οδύσσεια μιάς επιστημονικής εργασίας (οφειλομένη απάντησις εις τον καθηγητήν κ. Ν. Νησιώτην) / Δημητρίου Ιωάννου Κρικώνη. - Η αξιοκρατία εις την εκπαίδευσιν (η κληρονομία της 21ης Απριλίου και η στάσις του Υπουργού κ. Παναγιώτη Ζέπου) τεύχος Α'-Β' / Δημητρίου Ιωάννου Κρικώνη. - Επιστημονικός - φιλοσοφικός και θεολογικός προσανατολισμός / Δημητρίου Ιωάννου Κρικώνη. - Ο άνθρωπος υπό το φως της σύγχρονου φιλοσοφικής και θεολογικής θεωρήσεως / Δημητρίου Ιωάννου Κρικώνη. - Αι κυριώτεραι κοσμολογικαί θεωρήσεις / Δημητρίου Ιωάννου Κρικώνη. - Το θεολογικόν πρόβλημα εις τους προσωκρατικούς φιλοσόφους / Δημητρίου Ιωάννου Κρικώνη | ||
| 504 | |a Βιβλιογραφία: σ. [147]-154 | ||
| 600 | 1 | 0 | |a Weber, Max, |d 1864-1920. |
| 650 | 0 | 0 | |a Religion and science. |
| 650 | 0 | 0 | |a Christianity and social aspects. |
| 650 | 0 | 0 | |a Religion and sociology. |
| 740 | 0 | 2 | |a Η πίστις των ασιατικών θρησκειών (Ινδών - Κίνας) |
| 740 | 0 | 2 | |a Η οδύσσεια μιάς επιστημονικής εργασίας |
| 740 | 0 | 2 | |a Η αξιοκρατία εις την εκπαίδευσιν |
| 740 | 0 | 2 | |a Επιστημονικός - φιλοσοφικός και θεολογικός προσανατολισμός |
| 740 | 0 | 2 | |a Ο άνθρωπος υπό το φως της σύγχρονου φιλοσοφικής και θεολογικής θεωρήσεως |
| 740 | 0 | 2 | |a Αι κυριώτεραι κοσμολογικαί θεωρήσεις |
| 740 | 0 | 2 | |a Το θεολογικόν πρόβλημα εις τους προσωκρατικούς φιλοσόφους |
| 852 | |a INST |b RHODES |c AKA |e 20081212 |h 261.5 ΚΡΙ |p 005400031479 |q 005400031479 |t BK |y 0 | ||
| 852 | |a INST |b RHODES |c AKA |e 20081212 |h 261.5 ΚΡΙ |p 005400031483 |q 005400031483 |t BK |y 0 | ||
| 852 | |a INST |b RHODES |c KRI |e 20070207 |h 261.5 ΚΡΙ |p 005400028441 |q 005400028441 |t BK |y 0 | ||
| 901 | |a BIBL4-2007-1 | ||
| 909 | |a Ρ |b 122809 | ||
| 909 | |a Ρ |b 156540 | ||
| 909 | |a Ρ |b 156544 | ||
| 970 | |a ΚΟΖΑ |b ΜΑΡΙΑ |z 2007/02/07 | ||